Introducción a la psicología cognitiva / (Record no. 145913)

MARC details
000 -LEADER
campo de control de longitud fija 00740nam a2200241 i 4500
001 - NÚMERO DE CONTROL
campo de control 145913
003 - IDENTIFICADOR DE NÚMERO DE CONTROL
campo de control ES-MaACL
005 - FECHA Y HORA DE LA ÚLTIMA TRANSACCIÓN
campo de control 20250822030845.0
007 - CAMPO FIJO DE DESCRIPCIÓN FÍSICA--INFORMACIÓN GENERAL
campo de control de longitud fija t|
008 - DATOS DE LONGITUD FIJA--INFORMACIÓN GENERAL
campo de control de longitud fija 071017s1985 sp ||||1| spa d
020 ## - NÚMERO INTERNACIONAL ESTÁNDAR DEL LIBRO
Número Internacional Estándar del Libro 84-206-6503-7
100 1# - ENTRADA PRINCIPAL--NOMBRE DE PERSONA
Nombre de persona Vega, Manuel de.
9 (RLIN) 113572
245 10 - MENCIÓN DEL TÍTULO
Título Introducción a la psicología cognitiva /
Mención de responsabilidad, etc. Manuel de Vega ; [prólogo de Julio Seoane].
250 ## - MENCION DE EDICION
Mención de edición 1ª ed., reimp.
260 ## - PUBLICACIÓN, DISTRIBUCIÓN, ETC.
Lugar de publicación, distribución, etc. Madrid :
Nombre del editor, distribuidor, etc. Alianza,
Fecha de publicación, distribución, etc. 1985.
300 ## - DESCRIPCIÓN FÍSICA
Extensión 562 p. ;
Dimensiones 23 cm.
490 1# - MENCIÓN DE SERIE
Mención de serie Alianza psicología ;
Designación de volumen o secuencia 3
650 07 - PUNTO DE ACCESO ADICIONAL DE MATERIA--TÉRMINO DE MATERIA
Término de materia o nombre geográfico como elemento de entrada Psicología cognitiva
Fuente del encabezamiento o término embne
9 (RLIN) 16554
700 1# - ENTRADA AGREGADA--NOMBRE PERSONAL
Nombre de persona Seoane, Julio.
9 (RLIN) 105488
830 0# - PUNTO DE ACCESO ADICIONAL DE SERIE-TÍTULO UNIFORME
Título uniforme Alianza psicología ;
Designación de volumen o secuencia 3
9 (RLIN) 178168
852 ## - LOCALIZACIÓN
Ubicación ES-MaACL
Número de control de estantería L-12286
Sublocalización o colección R.115337
Holdings
Estatus retirado Estado de pérdida Estado de daño No para préstamo Biblioteca de origen Biblioteca actual Ubicación en estantería Fecha de adquisición Fuente de adquisición Total de préstamos Signatura topográfica completa Código de barras Visto por última vez Precio de reemplazo Tipo de ítem Koha
        Biblioteca del Ateneo de Madrid Biblioteca del Ateneo de Madrid Depósito 2 17/01/2008     L-12286 1152304 23/02/2023 23/02/2023 Libro impreso